[Event "Challenge"]
[Site "http://www.queenalice.com/game.php?id=5104"]
[Date "2005.2.11"]
[Round "-"]
[White "Chessmaster"]
[Black "JimMorrisson"]
[Result "0-1"]
[WhiteElo "1487"]
[BlackElo "1991"]

1. e4 c5 2. d3 Nc6 3. Nf3 e6 4. b3 Nf6 5. h3 d5 6. Nbd2 Bd6 7. Bb2 Qc7 8. Be2 b6
9. O-O Bb7 10. exd5 exd5 11. Bxf6 gxf6 12. c4 dxc4 13. dxc4 O-O-O 14. Qc2 Rhg8
15. g3 Bxg3 16. fxg3 Qxg3+ 17. Kh1 Qg2# 0-1

[Event "Challenge"]
[Site "http://www.queenalice.com/game.php?id=5105"]
[Date "2005.2.11"]
[Round "-"]
[White "Chessmaster"]
[Black "MikeDoherty"]
[Result "0-1"]
[WhiteElo "1487"]
[BlackElo "1684"]

1. e4 e6 2. d4 d5 3. e5 c5 4. Nf3 Nc6 5. Bb5 Qb6 6. Bxc6+ bxc6 7. O-O f6 8. exf6
Nxf6 9. b3 cxd4 10. Nxd4 Bc5 11. Be3 e5 12. b4 Bxd4 13. Bxd4 Qxd4 14. a3 Qxa1
15. h3 O-O 16. Re1 Qd4 17. Nd2 Ne4 18. Nxe4 Qxd1 19. Rxd1 dxe4 0-1

[Event "Challenge"]
[Site "http://www.queenalice.com/game.php?id=5828"]
[Date "2005.2.23"]
[Round "-"]
[White "mandaragit"]
[Black "Chessmaster"]
[Result "1-0"]
[WhiteElo "1977"]
[BlackElo "1423"]

1. d4 d5 2. c4 dxc4 3. Nf3 Nf6 4. e3 b5 5. a4 c6 6. b3 Be6 7. axb5 cxb5 8. bxc4
Bxc4 9. Bxc4 bxc4 10. Qa4+ Nbd7 11. O-O e6 12. Qxc4 h6 13. Ra6 Nb6 14. Qa2 Be7
15. Ba3 Qc8 16. Bxe7 Kxe7 17. Rxa7+ Rxa7 18. Qxa7+ Nbd7 19. Qa3+ Ke8 20. Rc1 Qb8
21. Nbd2 Nd5 22. Ne4 f5 23. Nd6+ Ke7 24. Nxf5+ Kf7 25. Nd6 Kg6 26. Qd3 Kf6 27.
Ne4+ 1-0

[Event "Challenge"]
[Site "http://www.queenalice.com/game.php?id=5868"]
[Date "2005.2.24"]
[Round "-"]
[White "Pappa_S"]
[Black "Chessmaster"]
[Result "1-0"]
[WhiteElo "1829"]
[BlackElo "1462"]

1. d4 d5 2. c4 b6 3. cxd5 Qxd5 4. Nc3 Qd6 5. e4 e6 6. Nf3 a6 7. Bd3 Nc6 8. O-O
e5 9. Nxe5 Nxe5 10. Bf4 Qg6 11. Bxe5 Bh3 12. Qf3 Bg4 13. Qg3 Nh6 14. Nd5 O-O-O
15. Bxa6+ Kd7 16. Bxc7 Bd6 17. Bb5+ Ke6 18. Bxd6 Rxd6 19. Qe5 1-0

[Event "Challenge"]
[Site "http://www.queenalice.com/game.php?id=152410"]
[Date "2007.1.10"]
[Round "-"]
[White "Chessmaster"]
[Black "leduar"]
[Result "0-1"]
[WhiteElo "1423"]
[BlackElo "1776"]

1. e4 e5 2. g3 Nf6 3. d3 d5 4. exd5 Qxd5 5. f3 Be7 6. Nc3 Qc6 7. Bg2 Ng4 8. Ne4
Nf6 9. Qe2 Nxe4 10. fxe4 O-O 11. Bd2 Qxc2 12. Bc3 Qxe2+ 13. Nxe2 Bg4 14. Bxe5
Na6 15. Kd2 Rae8 16. Nc3 Bg5+ 17. Bf4 Bxf4+ 18. gxf4 c6 19. Rhg1 f5 20. Rae1
fxe4 21. Bxe4 Bf5 22. a3 Bxe4 23. Rxe4 Rxe4 24. Nxe4 Rxf4 25. Ke3 Rh4 26. Rg2
Rh3+ 27. Kd4 c5+ 28. Nxc5 Nxc5 29. Kxc5 Rxd3 30. Kc4 Rf3 31. Rd2 Rf8 32. Rd7 Rb8
33. Kd5 a5 34. a4 h6 35. Rc7 b5 36. b3 bxa4 37. bxa4 Rb4 38. Rc4 Rb2 39. h4 Kf7
40. Ke5 Rb4 41. Re4 Rxe4+ 42. Kxe4 g5 43. hxg5 hxg5 44. Kf5 Ke7 45. Kxg5 Kd6 46.
Kf4 Kc5 47. Ke5 Kb4 48. Kd5 Kxa4 49. Kc5 Kb3 50. Kb5 a4 51. Ka5 a3 52. Kb5 a2
53. Kc5 a1=Q 54. Kd5 Qc3 0-1

[Event "Desafio Sudaka"]
[Site "http://www.queenalice.com/game.php?id=152421"]
[Date "2007.1.10"]
[Round "-"]
[White "Marcelo_Araujo"]
[Black "Chessmaster"]
[Result "1-0"]
[WhiteElo "1651"]
[BlackElo "1420"]

1. c4 d6 2. g3 e5 3. Bg2 c6 4. e4 Nf6 5. Nc3 a6 6. Nf3 Bg4 7. O-O h6 8. h3 Be6
9. b3 Be7 10. d4 exd4 11. Nxd4 Qd7 12. Re1 O-O 13. Nxe6 Qxe6 14. Bb2 Nh7 15. Ne2
Ng5 16. Nf4 Qd7 17. Kh2 Ne6 18. Qg4 Bg5 19. Nxe6 fxe6 20. Rad1 Bf6 21. e5 Be7
22. f4 d5 23. Be4 Qc8 24. cxd5 cxd5 25. Bd3 Nc6 26. Qg6 Rf5 27. Bxf5 exf5 28. e6
d4 29. Qxf5 Qc7 30. Qf7+ Kh8 31. Rxd4 Rf8 32. Qg6 Bf6 33. Rd2 Bxb2 34. Rxb2 Rf6
35. Qe8+ Kh7 36. e7 Nd4 37. Re3 Nf5 38. Qd8 Qc5 39. e8=Q Qxe3 40. Qxe3 Nxe3 41.
Re2 Re6 42. Qd3+ 1-0

[Event "Challenge"]
[Site "http://www.queenalice.com/game.php?id=154982"]
[Date "2007.1.17"]
[Round "-"]
[White "Chessmaster"]
[Black "Sidinei"]
[Result "0-1"]
[WhiteElo "1423"]
[BlackElo "2062"]

1. e4 e5 2. Nf3 Nf6 3. Nc3 Nc6 4. Bc4 Nxe4 5. Nxe4 d5 6. Bxd5 Qxd5 7. d3 Be7 8.
O-O O-O 9. a3 Bg4 10. Be3 f5 11. Nc3 Qf7 12. h3 Bh5 13. Bg5 Bxf3 14. Qxf3 Bxg5
15. Rad1 a6 16. Ne2 Rad8 17. c3 Qb3 18. Rb1 Bd2 19. Rfd1 Qc2 20. Ng3 Qxd3 21.
Qxd3 Rxd3 22. Nf1 Rfd8 23. Nxd2 Rxd2 24. Re1 Rc2 25. Rf1 Rdd2 26. Rfd1 Rxf2 0-1

[Event "Challenge"]
[Site "http://www.queenalice.com/game.php?id=155768"]
[Date "2007.1.18"]
[Round "-"]
[White "Sidinei"]
[Black "Chessmaster"]
[Result "1-0"]
[WhiteElo "2054"]
[BlackElo "1420"]

1. e4 e5 2. Nf3 d6 3. d4 exd4 4. Nxd4 Be7 5. Nf5 Nc6 6. Nxg7+ Kf8 7. Nh5 Be6 8.
Nc3 Qd7 9. Nd5 Bg4 10. Be2 Bxe2 11. Qxe2 Qe6 12. Nxc7 Nd4 13. Nxe6+ 1-0

[Event "Challenge"]
[Site "http://www.queenalice.com/game.php?id=155774"]
[Date "2007.1.18"]
[Round "-"]
[White "Chessmaster"]
[Black "schwam"]
[Result "1-0"]
[WhiteElo "1411"]
[BlackElo "1582"]

1. g3 d5 2. e3 e5 3. d4 e4 4. Nc3 Nf6 5. Bg2 Bb4 6. Bd2 Bg4 7. f3 Bh5 8. Nh3 Bd6
9. O-O O-O 10. Qe1 Nc6 11. fxe4 Nxe4 12. Nxe4 dxe4 13. Bxe4 g6 14. Bxc6 bxc6 15.
e4 Qe7 16. e5 Bg4 17. Bg5 Qe8 18. Nf2 Kg7 19. Bf6+ Kg8 20. Nxg4 h5 21. Ne3 Be7
22. Qf2 Bxf6 23. Qxf6 Qe6 24. Qg5 Rad8 25. Rf6 Qxf6 26. Qxf6 Rxd4 27. Qg5 Rfd8
28. Rf1 Kg7 29. Nf5+ Kg8 30. Ne7+ Kf8 31. Nxc6 Rg4 32. Qxd8+ Kg7 33. Qf6+ Kh6
34. Ne7 a5 35. Nf5+ Kh7 36. Qg7# 1-0

[Event "Challenge"]
[Site "http://www.queenalice.com/game.php?id=158635"]
[Date "2007.1.24"]
[Round "-"]
[White "Chessmaster"]
[Black "Jac"]
[Result "0-1"]
[WhiteElo "1411"]
[BlackElo "1799"]

1. e4 e5 2. Nf3 Nc6 3. d4 d5 4. dxe5 dxe4 5. Qxd8+ Nxd8 6. Ng5 Bf5 7. Bc4 h6 8.
Nh3 Bxh3 9. gxh3 Nc6 10. Be3 Nxe5 11. Nd2 Nxc4 12. Nxc4 Nf6 13. O-O-O Be7 14.
Rhg1 g5 15. Ne5 Bd6 16. Bd4 Nh5 17. Ng4 Rg8 18. Be5 Rg6 19. Bxd6 cxd6 20. Rge1
Re6 21. Re3 Nf4 22. f3 h5 23. Nf2 d5 24. fxe4 Rd8 25. Rd4 dxe4 26. Rxd8+ Kxd8
27. Nxe4 f5 28. Rb3 Rxe4 29. Rxb7 Nxh3 30. b4 f4 31. b5 f3 32. Rf7 f2 33. c4
Re1+ 34. Kd2 f1=Q 35. Rxf1 Rxf1 36. Kd3 Nf4+ 37. Kd4 Kc7 38. Kc5 Rc1 39. a4 Ne6+
40. Kd5 Nd8 41. a5 Nb7 42. a6 Na5 43. c5 Rd1+ 44. Ke5 Nc4+ 45. Ke6 g4 46. b6+
axb6 47. a7 Kb7 48. c6+ Kxa7 49. c7 Kb7 50. Kf5 b5 0-1

[Event "Revenge ??"]
[Site "http://www.queenalice.com/game.php?id=159528"]
[Date "2007.1.26"]
[Round "-"]
[White "Chessmaster"]
[Black "Marcelo_Araujo"]
[Result "1-0"]
[WhiteElo "1438"]
[BlackElo "1662"]

1. e4 d6 2. Nf3 Nc6 3. Bb5 Bd7 4. O-O e5 5. c3 Qf6 6. d3 O-O-O 7. Bg5 Qg6 8.
Bxd8 Kxd8 9. h3 Bxh3 10. Nh4 Qg5 11. Qf3 Bg4 12. Qg3 h6 13. Nf3 Bxf3 14. Qxf3 f6
15. Bxc6 bxc6 16. Qh3 Ke7 17. Qc8 Kf7 18. Qxc7+ Ne7 19. Qd7 h5 20. Rd1 h4 21.
Qh3 Ng6 22. Qf5 Nf4 23. Qxg5 fxg5 24. f3 h3 25. Kh2 hxg2+ 26. Kg3 Rh1 27. Nd2
g1=Q+ 28. Rxg1 Rxg1+ 29. Rxg1 Ne2+ 30. Kg2 Nxg1 31. Kxg1 Ke6 32. c4 d5 33. a4
Bb4 34. Nb3 Kd6 35. Kf2 Bc5+ 36. Ke2 Bd4 37. Nxd4 exd4 38. cxd5 cxd5 39. b4 dxe4
40. fxe4 Ke6 41. Kf3 Kf6 42. Kg4 Kg6 43. a5 Kf6 44. b5 Ke7 45. b6 axb6 46. a6
Kd6 47. a7 Kc5 48. a8=Q Kb4 49. Qf8+ Kc3 50. Qxg7 Kxd3 51. Qxg5 Kxe4 52. Qf4+
Kd5 53. Kf3 b5 54. Ke2 b4 55. Qf5+ Kc4 56. Kd2 b3 57. Qd3+ Kb4 58. Qxd4+ Ka3 59.
Kc1 b2+ 60. Qxb2+ Ka4 61. Kc2 Ka5 62. Kc3 Ka6 63. Qb4 Ka7 64. Kc4 Ka6 65. Kc5
Ka7 66. Kc6 Ka8 67. Qb7# 1-0

[Event "Let's play chess"]
[Site "http://www.queenalice.com/game.php?id=161882"]
[Date "2007.2.1"]
[Round "-"]
[White "Chessmaster"]
[Black "gardez2005"]
[Result "0-1"]
[WhiteElo "1466"]
[BlackElo "1678"]

1. e4 e5 2. Nf3 Nc6 3. d4 exd4 4. Nxd4 Nf6 5. Nxc6 bxc6 6. Bg5 Be7 7. Nc3 O-O 8.
Bd3 h6 9. Bxf6 Bxf6 10. Qd2 d5 11. exd5 Re8+ 12. Ne2 cxd5 13. O-O-O c6 14. h3
Qb6 15. Nc3 Rb8 16. b3 Bg5 17. f4 Bf6 18. Na4 Qc7 19. g4 Be7 20. Rde1 Ba3+ 21.
Kb1 Rd8 22. Qe3 d4 23. Qe8+ Rxe8 24. Rxe8+ Bf8 25. Rhe1 Be6 26. Nc5 Rxe8 27. Na6
Qxf4 28. Bc4 Qd2 29. Re2 Qc3 0-1

[Event "Challenge"]
[Site "http://www.queenalice.com/game.php?id=162814"]
[Date "2007.2.2"]
[Round "-"]
[White "Chessmaster"]
[Black "Marcelo_Gimenes"]
[Result "1-0"]
[WhiteElo "1493"]
[BlackElo "1906"]

1. e4 e6 2. d4 d5 3. Bd3 dxe4 4. Bxe4 c5 5. Nf3 Nf6 6. Bg5 Nbd7 7. dxc5 Qa5+ 8.
Qd2 Qxd2+ 9. Nbxd2 Nxe4 10. Nxe4 Nxc5 11. Nxc5 Bxc5 12. O-O f6 13. Bd2 b6 14. a3
Bb7 15. Ne1 O-O 16. Nd3 Rac8 17. Nf4 Rfd8 18. Rad1 e5 19. Ne6 Rd6 20. Nxc5 Rxc5
21. Bb4 Rxd1 22. Rxd1 Rd5 23. Re1 Kf7 24. f3 Rd4 25. g4 Bxf3 26. h3 Rd1 27. Rxd1
Bxd1 28. c3 Bb3 29. Kf2 Ke6 30. Ke3 g6 31. Ke4 f5+ 32. gxf5+ gxf5+ 33. Kf3 a5
34. Bf8 Kf6 35. h4 h5 36. Bd6 a4 37. Ke3 Ke6 38. Bc7 b5 39. Kd3 Kd5 40. Ke3 Bc4
41. Kf3 Bd3 42. Ke3 1-0

[Event "Challenge"]
[Site "http://www.queenalice.com/game.php?id=162886"]
[Date "2007.2.3"]
[Round "-"]
[White "leduar"]
[Black "Chessmaster"]
[Result "1/2-1/2"]
[WhiteElo "1872"]
[BlackElo "1479"]

1. e4 e5 2. Nf3 d6 3. Bc4 Bg4 4. O-O h6 5. Nc3 Nf6 6. Qe1 Bxf3 7. gxf3 Nh5 8. d3
Be7 9. Ne2 Bh4 10. Ng3 Nf4 11. Bxf4 exf4 12. Nf5 Qg5+ 13. Kh1 Nc6 14. Nxh4 Qxh4
15. Bb5 O-O 16. Bxc6 bxc6 17. Rg1 Qf6 18. c3 Rae8 19. Qd2 g5 20. Rae1 d5 21. Re2
d4 22. c4 c5 23. Rge1 Re5 24. b4 Qe7 25. b5 c6 26. Rb1 Rb8 27. Qa5 Qb7 28. Reb2
Qb6 29. Qa6 Qxa6 30. bxa6 Rxb2 31. Rxb2 Re7 32. Rb7 Kf8 33. Rxe7 Kxe7 34. a4 Ke6
35. Kg2 f5 36. h3 h5 37. h4 g4 38. a5 Ke5 39. exf5 Kxf5 40. fxg4+ Kxg4 41. f3+
Kxh4 42. Kh2 Kg5 43. Kh3 h4 44. Kh2 Kh5 45. Kh3 Kg5 46. Kg2 Kh5 47. Kh3 1/2-1/2

[Event "Challenge"]
[Site "http://www.queenalice.com/game.php?id=168229"]
[Date "2007.2.13"]
[Round "-"]
[White "claudiocaire"]
[Black "Chessmaster"]
[Result "1-0"]
[WhiteElo "1495"]
[BlackElo "1458"]

1. e4 e5 2. Bc4 Nf6 3. Nh3 h6 4. g4 d5 5. exd5 Bxg4 6. Be2 Bxh3 7. c4 c6 8. Qb3
Qd7 9. d6 Bxd6 10. Nc3 Na6 11. Rg1 Nc5 12. Qd1 O-O 13. d3 Kh7 14. Qc2 Rae8 15.
d4+ Nce4 16. Nxe4 exd4 17. Nxf6+ Kh8 18. Nxd7 Rg8 19. Qd3 c5 20. Qxh3 Re7 21.
Bg5 Rxd7 22. Qxd7 hxg5 23. Qh3# 1-0

[Event "revanche Tua"]
[Site "http://www.queenalice.com/game.php?id=168244"]
[Date "2007.2.13"]
[Round "-"]
[White "claudiocaire"]
[Black "Chessmaster"]
[Result "0-1"]
[WhiteElo "1512"]
[BlackElo "1443"]

1. c3 e5 2. Qb3 d6 3. d4 exd4 4. cxd4 Nf6 5. Nf3 h6 6. e4 Nxe4 7. Bd3 Qe7 8.
Bxe4 Qxe4+ 9. Be3 b6 10. Nbd2 Qg6 11. Qd5 c6 12. Qc4 d5 13. Qe2 Qxg2 14. Rg1 Qh3
15. Rg3 Qe6 16. h4 Bd6 17. Rxg7 Ba6 18. Qd1 Qh3 19. Rg1 Nd7 20. Qc1 Bb5 21. b3
c5 22. dxc5 Bxc5 23. Bxc5 Nxc5 24. a4 Nd3+ 25. Kd1 Nxc1 26. Rxc1 Ba6 27. b4 f6
28. b5 Bc8 29. Rg3 Qe6 30. Nd4 Qf7 31. Nf5 Bxf5 32. Nf3 Rg8 33. Rh3 Bxh3 34. h5
Bg4 0-1

[Event "Revanche Minha"]
[Site "http://www.queenalice.com/game.php?id=168256"]
[Date "2007.2.13"]
[Round "-"]
[White "claudiocaire"]
[Black "Chessmaster"]
[Result "0-1"]
[WhiteElo "1481"]
[BlackElo "1462"]

1. e4 Nc6 2. Nf3 e5 3. Bc4 h6 4. a3 d6 5. b4 a6 6. Bb2 Nf6 7. Ba2 Nxe4 8. c4 Be6
9. Qb3 b5 10. Qc2 Ng5 11. cxb5 Nxf3+ 12. gxf3 Bxa2 13. Rxa2 Nd4 14. Bxd4 exd4
15. Qe4+ Qe7 16. Qxe7+ Bxe7 17. bxa6 Rxa6 18. b5 Rb6 19. a4 O-O 20. Ke2 c5 21.
Na3 d5 22. Rc2 Ra8 23. Ra2 Rxa4 24. Rb1 c4 25. f4 Bxa3 26. f5 Ra8 27. Rba1 Re8+
28. Kd1 Bd6 29. Kc2 d3+ 30. Kc3 Be5+ 31. Kb4 Bxa1 32. Rxa1 Reb8 33. Kc5 Rxb5+
34. Kd4 Re8 35. h4 Re4+ 36. Kc3 Rb3# 0-1

[Event "Fair play"]
[Site "http://www.queenalice.com/game.php?id=183449"]
[Date "2007.3.17"]
[Round "-"]
[White "Chessmaster"]
[Black "gardez2005"]
[Result "0-1"]
[WhiteElo "1539"]
[BlackElo "1874"]

1. Nf3 Nf6 2. d3 g6 3. b3 Bg7 4. Bb2 O-O 5. h3 d6 6. e4 e5 7. Be2 Nc6 8. O-O Be6
9. d4 exd4 10. Nxd4 Nxd4 11. Qxd4 Ne8 12. Qxg7+ Nxg7 13. f4 Qe8 14. Nd2 Qc6 15.
c4 Qc5+ 16. Kh2 Qe3 17. Bxg7 Kxg7 18. f5 Bd7 19. Bg4 gxf5 20. exf5 Bc6 21. Nf3
Bxf3 22. Rxf3 Qd2 23. f6+ Kh6 24. Bf5 Rg8 25. Bg4 Rae8 26. Raf1 Re2 27. Rg3 Rf2
28. Rd1 Qxa2 29. Rd5 Rg5 30. Bf3 Rxg3 31. Kxg3 Rd2 32. Rf5 Qxb3 33. Kh4 Qxc4+
34. g4 Qd4 35. Bd5 Kg6 36. Bxb7 Qg1 37. Be4 Qe3 38. Rf4+ Qxe4 39. Rxe4 Kxf6 40.
Kh5 Rd5+ 41. Kh6 Re5 42. Rf4+ Ke6 43. Kxh7 c5 44. h4 d5 45. g5 d4 46. Rf6+ Ke7
47. Kg7 d3 48. h5 Rxg5+ 0-1

[Event "Challenge"]
[Site "http://www.queenalice.com/game.php?id=187132"]
[Date "2007.3.24"]
[Round "-"]
[White "Chessmaster"]
[Black "kloosterveen"]
[Result "1-0"]
[WhiteElo "1536"]
[BlackElo "1736"]

1. Nc3 e6 2. Nf3 d5 3. d4 Bb4 4. Bd2 c5 5. dxc5 Bxc5 6. e3 Nf6 7. Bb5+ Bd7 8.
Qe2 O-O 9. Qd3 Qb6 10. Bxd7 Nbxd7 11. Na4 Qc6 12. Ng5 g6 13. Nc3 Ne5 14. Qe2 Qb6
15. Na4 Qc6 16. Nxc5 Qxc5 17. Bc3 Nfd7 18. O-O Qc4 19. Qd2 Qg4 20. f4 Nc4 21.
Qd4 f6 22. h3 Qf5 23. g4 Qxc2 24. b3 e5 25. Qxd5+ Kh8 26. Nf7+ Kg7 27. Qxc4 Nb6
28. Qc5 Rxf7 29. fxe5 Nd7 30. exf6+ Kg8 31. Qc4 Nb6 32. Qd4 Qe2 33. Ba5 Qb5 34.
Bxb6 axb6 35. Qd2 Qe5 36. Qf2 Rxf6 37. Qxf6 Qxe3+ 38. Kg2 Qe2+ 39. Rf2 Qe4+ 40.
Kh2 Re8 41. Raf1 Qe5+ 42. Qxe5 Rxe5 43. h4 Re7 44. g5 Kg7 45. Kg3 Re3+ 46. Kg2
Re7 47. Rf6 Re2+ 48. R1f2 Re7 49. Rxb6 1-0

[Event "Challenge"]
[Site "http://www.queenalice.com/game.php?id=201510"]
[Date "2007.4.24"]
[Round "-"]
[White "Chessmaster"]
[Black "Hapless"]
[Result "1-0"]
[WhiteElo "1560"]
[BlackElo "1529"]

1. Nf3 e6 2. Nc3 d5 3. d4 c5 4. dxc5 Bxc5 5. e3 Nf6 6. Bb5+ Bd7 7. Qd3 O-O 8.
Ng5 h6 9. Nh3 Bxb5 10. Nxb5 Nbd7 11. O-O a6 12. Nc3 Bb4 13. Bd2 Bxc3 14. Bxc3
Rc8 15. Bd2 Ne5 16. Qb3 Qc7 17. Bc3 b5 18. g3 Ne4 19. Bxe5 Qd7 20. Qd3 f6 21.
Bc3 e5 22. Bb4 Rfd8 23. f3 Nc5 24. Bxc5 Rxc5 25. Nf2 Rdc8 26. c3 R8c7 27. Rac1
b4 28. Qd2 bxc3 29. Rxc3 Qb5 30. Rxc5 Rxc5 31. Nd3 Rc8 32. Nb4 Rd8 33. e4 d4 34.
Nd5 Kf7 35. Rc1 Rb8 36. b3 f5 37. Rc7+ Kg8 38. Ne7+ Kf8 39. exf5 Qb6 40. Ng6+
Kg8 41. Qc1 d3+ 42. Kf1 Qb5 43. Qc4+ Qxc4 44. Rxc4 d2 45. Ke2 Rd8 46. Kd1 Rd5
47. Ne7+ 1-0